| 000 | 02017nam0a2200445 4500 | ||
|---|---|---|---|
| 001 | RU\NLR\BIBL_A\011955113 | ||
| 005 | 20250810072852.0 | ||
| 020 |
_aRU _9Ленинград в Великой Отечественной войне. Коллекция. Афиши |
||
| 035 | _a(NLR Aleph) 011955113 | ||
| 090 |
_a11171141 _c11171141 |
||
| 100 | _a20190307d1942 u y0rusy50 ca | ||
| 101 | 0 | _arus | |
| 102 | _aRU | ||
| 105 | _ay z 000zy | ||
| 135 | _acrcn 024anaba | ||
| 200 | 1 |
_aВ ближайшие дни Открытие Сада отдыха. Подробности в афишах _e[афиша] |
|
| 210 |
_a[Ленинград] _cЛТ УН-9 _d[1942] |
||
| 215 |
_a1 л. _d36x73 |
||
| 300 | _aЗак. 1248 | ||
| 325 | _aКопия доступна в Электрон. б-ке РНБ | ||
| 606 | 1 |
_aТеатральная жизнь _jАфиши _yЛенинград, город _z1941 - 1944 _92398624 _3RU\NLR\AUTH\6601649837 |
|
| 686 | _aЩ333(2Р=Рус)7- 692Ленинград | ||
| 711 | 0 | 2 |
_aСад отдыха _cЛенинград _9653104 _3RU\NLR\AUTH\880496595 |
| 852 |
_aNLR _jЛ3-330а/23-1/1/[1942-июнь] |
||
| 856 | 0 | _uhttp://vivaldi.nlr.ru/ll000010640/view | |
| 856 | 1 | _uhttp://vivaldi.nlr.ru/ll000010640/cover | |
| 856 | 2 | _uhttp://vivaldi.nlr.ru/ll000010640/text | |
| 942 | _cVISUAL | ||
| 945 | _aРоссийская национальная библиотека | ||
| 980 | _aNB | ||
| 980 | _aBV | ||
| 980 | 3 | _akplen | |
| 980 | 3 | _akp | |
| 981 | 3 | 7 |
_a(37) Ленинград в Великой Отечественной войне _b(37) Афиши блокадного Ленинграда |